Estudios Sociales Centroamericanos / (Mayo-Agosto 1973) Año 2, Número 5
Kaydedildi:
| Müşterek Yazar: | |
|---|---|
| Materyal Türü: | Kitap |
| Dil: | Spanish |
| Baskı/Yayın Bilgisi: |
San José, Costa Rica:
Universidad de Costa Rica; Consejo Superior Universitario Centroamericano,
|
| Konular: | |
| Etiketler: |
Etiketle
Etiket eklenmemiş, İlk siz ekleyin!
|
MARC
| LEADER | 00000nam a22000007a 4500 | ||
|---|---|---|---|
| 003 | cru CIDCACS/IIS | ||
| 005 | 20220614083704.0 | ||
| 007 | ta | ||
| 008 | 170213n1973 cr ||||| |||| 00| 0 spa d | ||
| 022 | |a 0303-9676 | ||
| 040 | |c CRAI/IIS |a CRAI/IIS | ||
| 090 | |a REV0467 2(5) 1973 | ||
| 110 | 1 | |9 8176 |a Consejo Superior Universitario Centroamericano (CSUCA) | |
| 245 | 1 | |a Estudios Sociales Centroamericanos / |b (Mayo-Agosto 1973) Año 2, Número 5 |c CSUCA | |
| 260 | |a San José, Costa Rica: |b Universidad de Costa Rica; Consejo Superior Universitario Centroamericano, | ||
| 270 | |b Montes de Oca |c San José |d Costa Rica | ||
| 300 | |a 228 páginas | ||
| 310 | |a Cuatrimestral | ||
| 500 | |a Colección Centroamérica | ||
| 505 | |a PRESENTACIÓN La parroquia de Guadalupe (Costa Rica) 1859-1900 J. H. Brenes, J. A. Fernández, C. Hernández, A. L. Nigro, J. A. Rueda (páginas 9-20) Fuentes para la historia demográfica colonial de Centroamérica Germén Romero Vargas (páginas 21-30) La minería y sus relaciones con la acumulación de capital y la clase dirigente de Costa Rica, 1821-1841 Carlos Araya Pochet (páginas 31-64) Transitismo y dependencia: el caso del istmo de Panamá Alfredo Castillero Calvo (páginas 65-114) El enclave bananero en la historia de Honduras Vilma Laínez y Víctor Meza (páginas 115-156) El nacimiento de un régimen de burguesía dependiente: el caso de Costa Rica (1era parte) José Luis Vega Carballo (páginas 157-186) La esclavitud en Costa Rica durante el período colonial Oscar R. Aguilar Bulgareli (páginas 187-198) Los motines de indios en el período colonial guatemalteco Severo Martínez Peláez (páginas 199-228) | ||
| 650 | 4 | |2 OCDE |9 3428 |a DEMOGRAFIA | |
| 650 | 0 | |9 401 |a COLONIALIDAD DEL PODER | |
| 650 | 7 | |9 9228 |a HISTORIA COLONIAL | |
| 650 | 0 | |9 993 |a MINERIA | |
| 651 | 0 | |9 308 |a CENTROAMERICA | |
| 773 | |g Volumen 2, número 5, (Mayo-Agosto 1973) |t Estudios Sociales Centroamericanos |o 13781 | ||
| 942 | |2 z |c PP |s 1 | ||
| 999 | |c 44305 |d 44305 | ||
